Guess the NHL team by Color - Statistics

General Stats
  • This quiz has been taken 72 times
  • The average score is 22 of 32
Answer Stats
Hint Answer % Correct
h New York Islanders
89%
hh San Jose Sharks
85%
h Minnesota Wild
83%
h Colorado Avalanche
81%
h Dallas Stars
81%
h St. Louis Blues
80%
h Los Angeles Kings
78%
h Philadelphia Flyers
78%
h New York Rangers
76%
h Vegas Golden Knights
76%
h Calgary Flames
74%
h Detroit Red Wings
72%
h New Jersey Devils
72%
h Pittsburgh Penguins
72%
h Anaheim Ducks
70%
hh Boston Bruins
70%
h Tampa Bay Lightning
70%
hh Toronto Maple Leafs
70%
h Carolina Hurricanes
65%
h Edmonton Oilers
65%
h Montreal Canadiens
65%
h Buffalo Sabres
63%
h Columbus Blue Jackets
63%
h Nashville Predators
63%
h Ottawa Senators
63%
h Arizona Coyotes
59%
h Vancouver Canucks
59%
h Chicago Blackhawks
57%
h Winnipeg Jets
57%
h Florida Panthers
56%
h Seattle Kraken
54%
h Washington Capitals
54%
No matching quizzes found
Score Distribution
Percent of People with Each Score
Percentile by Number Answered
Your Score History
You have not taken this quiz